1411 1113 1417 1512 1314 1012 1097 1278 1088 1088 1706 1318 1859 1261 1081 1532 1679 1927 1420 1499 1563 1954 1771 1745 1081 1989 1577 1202 1092 1461 1304 1666 1639 1078 1030 1795 1088 1254 1981 1718 1832 1849 1013 1845 1516 1279 1298 1803 1538 1998 1459 1162 1541 1405 1415 1583 1829 1654 1484 1949 1805 1819 1172 1040 1502 1278 1830 1508 1857 1892 1035 1517 1907 1708 1670 1390 1883 1577 1830 1766 1655 1292 1484 1855 1713 1612 1221 1614 1300 1518 1977 1443 1116 1916 1638 1277 1725 1778 1370 BCNSPRNW ULIB Ver.6.0+V

เปลี่ยนเป็นภาษาไทย

Change to English
 แสดงรายละเอียดบรรณานุกรม
  กลับหน้าหลัก

Brief Record : Get Marc (ISO 2709) : E-mail record : QR code < ปิดหน้าต่าง
LEADER : 00000nam 2200000uu 4500
001    13399109808
003     ULIB
008    110411s2004||||th 000 0 eng d
060 04 WC503^bI61A ล.3 2004
110 1  International AIDS Conference (15th : 2004 : Bangkok)
245 10 Access for all: Satellite meetings www.aids2004.org Bangkok -Thailand /^cInternational AIDS Conference (15th : 2004 : Bangkok)
260    Bangkok :^bInternational AIDS Conference (15th : 2004 : Bangkok),^c2004
300    108 p.
650  2 HIV
945    ^p0^l0^i016264
945    ^p0^l0^i016233
945    ^p0^l0^i016263
995    ทศพร
999 ^a ใช้งานได้ทุกระบบ
รายการนี้ยังไม่มีแท็ก
คุณยังไม่ได้ล็อกอิน คุณสามารถมีกิจกรรมร่วมกับเว็บไซต์ได้ แต่ต้องล็อกอินก่อน ::
  ล็อกอิน

รายการสื่อสารสนเทศ

ลำดับที่ ประเภท เลขเรียก/บาร์โค้ด สถานที่ สถานะ
- ไม่พบข้อมูล -

รายการใกล้เคียง
    หัวเรื่อง [HIV]

BibComment


ยังไม่เคยถูกคอมเมนท์

คอมเมนท์ทรัพยากรรายการนี้
  คอมเมนท์: Access for all Sa..


 Copyright 2026. Bcnsprnw @Library